02067nam a22002657a 4500003000900000008004100009040007100050082002200121110003100143245008000174260003300254300004600287440005900333505115400392650002801546650002601574650002301600650002101623650003301644650001801677650002001695650002701715700002901742700003001771AR-CdUCM190425b ||||| |||| 00| 0 spa d aMUNICIPALIDAD PROVINCIAL DEL CUSCOcBIBLIOTECA MUNICIPAL DEL CUSCO aRev.AHC/N°5/1954 aArchivo Regional del Cusco aRevista del Archivo Histórico del Cuzco /cUniversidad Nacional del Cuzco aCusco :bEl Comercio,c1954. a426 páginas. :bilustraciones ;c21 cm. aRevista del Archivo Histórico.nAño V, 1954, N°5. aContenido: Esclavos varias escrituras sobre comercio de esclavos. Decreto de Tungasuca. Decreto de abolición. -- Documentos referentes a la Revolución de 1780. -- Arte Cuzqueño IV. -- Jurisdicción del Cuzco 1596. -- Mercaderías 1645. -- Cuatro testamentos Isabel Suárez o Chimpu Ocllo, Phelipe Tupa Amaro Betancur y Arbieto, José Agustín Chacón y Becerra, Joseph Portilla y Gálvez. -- Gran Mariscal don Ramón Castilla y Marquezado. -- Vencedores de Ayacucho 1825. -- Sobre libertad de imprenta 1826. -- ¿Bolognesi o Boloñesi? 1842. -- Homenaje monumental a Tupac Amaru. -- De la vida colonial en el siglo XVII 271 fichas y documentos de primera noticia. -- Galería de Cuzqueños ilustres. -- Oro y plata del Perú. 1534. -- Papeles coloniales 18 documentos varios. -- Doctor don Diego Esquivel y Navia. Poder, testamento, inventario. -- Único hijo del Mariscal Gamarra, tres escrituras. -- Últimos días virreinales, veinte documentos diversos. -- El sentido libertario de la Revolución de Tupac Amaru primer Congreso Nacional de Historia del Perú. -- Archivo del Colegio Nacional del Ciencias (continuación). aDocumentos históricos aPatrimonio documental aHistoria del Cusco aÉpoca colonial aArchivo del Colegio Ciencias aArte colonial aArte cusqueño aLevantamientos andinos aCornejo Bouroncle, Jorge aCovarrubias Pozo, Jesús